LIBRARY & INFORMATION CENTRE, KCAET, TAVANUR

ONLINE PUBLIC ACCESS CATALOGUE (OPAC)

Keralathile mukhyamanthrimar: E.M.S. muthal Pinarayi vare / | കേരളത്തിലെ മുഖ്യമന്ത്രിമാര്‍: ഇ.എം.എസ്. മുതല്‍ പിണറായി വരെ (Record no. 19514)

MARC details
000 -LEADER
fixed length control field 00585nam a22001577a 4500
003 - CONTROL NUMBER IDENTIFIER
control field OSt
008 - FIXED-LENGTH DATA ELEMENTS--GENERAL INFORMATION
fixed length control field 250903b |||||||| |||| 00| 0 eng d
041 ## - LANGUAGE CODE
Language code of text/sound track or separate title mal
082 ## - DEWEY DECIMAL CLASSIFICATION NUMBER
Classification number 320
Item number NAR/KE
100 ## - MAIN ENTRY--AUTHOR NAME
Personal name Narayanan, J. C
245 ## - TITLE STATEMENT
Title Keralathile mukhyamanthrimar: E.M.S. muthal Pinarayi vare /
Remainder of title കേരളത്തിലെ മുഖ്യമന്ത്രിമാര്‍: ഇ.എം.എസ്. മുതല്‍ പിണറായി വരെ
260 ## - PUBLICATION, DISTRIBUTION, ETC. (IMPRINT)
Place of publication Kayamkulam :
Name of publisher Sithara Books,
Year of publication 2020.
300 ## - PHYSICAL DESCRIPTION
Number of Pages 142 p.
650 ## - SUBJECT ADDED ENTRY--TOPICAL TERM
Topical Term Chief ministers - Kerala
942 ## - ADDED ENTRY ELEMENTS (KOHA)
Koha item type Books
Holdings
Withdrawn status Lost status Damaged status Home library Current library Date acquired Source of acquisition Cost, normal purchase price Full call number Accession Number Koha item type
      KAUAET KAUAET 03/09/2025 Donated by KT Jaleel MLA 160.00 320 NAR/KE 26313 Books
free website counter